000 00459nam a2200181 4500
003 SEACOMMC
005 20250509131251.0
008 250326b |||||||| |||| 00| 0 eng d
020 _a978-81-272-5059-1
_cRs.230.00
040 _aSEACOMMC
082 _a330
_bL 536
100 _aLekhi, R. K
245 1 _aBusiness Economics /
_c R. K Lekhi
260 _a Kolkata
_b Kalyani Publishers
_c c2009
300 _eBBA 2nd SEM
650 _aEconomic
942 _cBOOK
999 _c1152
_d1152